| 000 | 00635nam a2200157 u 4500 | ||
|---|---|---|---|
| 001 | 000020434 | ||
| 005 | 20250403120423.0 | ||
| 008 | 100813s2015 dr 000 0 spa d | ||
| 040 |
_aDO-SdBNP _bspa _cBNPHU |
||
| 082 |
_axxx _bxxx |
||
| 110 | 1 |
_aRepública Dominicana. _bDirección General de Aduanas. _943102 |
|
| 245 | 1 | 0 |
_aLaboratorio de la Dirección General de Aduanas : _bLa ciencia y la tecnología al servicio del comercio exterior de la República Dominican / _ctextos Gabino José Polanco. |
| 260 |
_aSanto Domingo, : _bDCA, _c[201?]. |
||
| 300 |
_a24 p. : _bil., retrs. ; _c24 cm. |
||
| 700 | 1 | 2 |
_aJosé Polanco, Gabino _etextos _943103 |
| 999 |
_c19938 _d19938 |
||